| 000 | 01000cam a2200229 4500 | ||
|---|---|---|---|
| 005 | 20150914130451.0 | ||
| 008 | 150902b mx ||||| |||| 00| 0 spa d | ||
| 020 | _a9688403768 | ||
| 050 | 0 | 4 |
_aBX1740 .M6 _bB84 1987 |
| 100 | 1 |
_aBuelna Serrano, María Elvira, _d[1953- ] |
|
| 245 | 1 | 0 |
_aProceso inquisitorial contra Don Agustín Beven ; Coronel del Regimiento de Dragones de México / _cMaría Elvira Buelna Serrano. |
| 250 | _a1a. ed. | ||
| 260 |
_aMéxico : _bUniversidad Autónoma Metropolitana, _c1987. |
||
| 300 |
_a148 p. ; _c20 cm. |
||
| 490 | _aBiblioteca de Ciencias Sociales y Humanidades | ||
| 504 | _aIncluye bibliografía e índice | ||
| 600 | 1 | 7 |
_2LEMB _aBeven, Agustín, _c[Don], _d[1724?-?] _xJuicio _ySiglo XVIII |
| 650 | 7 |
_2LEMB _aIglesia _xHistoria _xInquisición _ySiglos XV-XVIII _zMéxico |
|
| 650 | 7 |
_2LEMB _aLibros prohibidos _xCensura _ySiglos XVI-XVIII _zMéxico |
|
| 650 | 7 |
_2LEMB _aIglesia _xHistoria _xPersecuciones religiosas _ySiglos XVI-XVIII _zMéxico |
|
| 942 |
_2lcc _cLIB |
||
| 999 |
_c54951 _d54951 |
||